000 00309nam a22001457a 4500
020 _a0-07-043602-9
041 _aENG
100 _aEverest.G.C
245 _aDatabase Management
250 _a3rd
260 _aNew Delhi
_bTata McGraw Hill
_c2003
300 _a816
650 _aM.Tech
856 _uM.Tech ( 7 )
999 _c1016
_d1016